00503nam a2200193 a 4500001001300000003000900013005001700022008004100039020001000080082002100090100002100111245001700132260005400149300000800203500003500211505001000246650003200256700002100288nice12345678IN_TiNIC20260116012433.0050524s1927 hyda grp 000 0 urd  ac10000a891.4391092bALI aAli, Mohd Sardar aHayat--kaifi aHyderabad bMarkazi Anjuman Taleemus Salat c1927 a16p aincludes index and biblioraphy2 aIndex aUrdu-Poetry-kaifi-biography1 aAli, Mohd Sardar